Eastern Utah Libraries Catalog: Duchesne, Heber, Roosevelt, & Vernal

Little Bad Riding Hood / (Record no. 283391)

MARC details
000 -LEADER
fixed length control field 02065cam a22005298i 4500
001 - CONTROL NUMBER
control field qbo01368668
003 - CONTROL NUMBER IDENTIFIER
control field OCoLC
005 - DATE AND TIME OF LATEST TRANSACTION
control field 20200320192234.0
008 - FIXED-LENGTH DATA ELEMENTS--GENERAL INFORMATION
fixed length control field 140115s2014 nyu b 000 1 eng
010 ## - LIBRARY OF CONGRESS CONTROL NUMBER
LC control number 2013050623
019 ## -
-- 864750429
-- 869365382
020 ## - INTERNATIONAL STANDARD BOOK NUMBER
International Standard Book Number 9780778704423 (reinforced library binding)
020 ## - INTERNATIONAL STANDARD BOOK NUMBER
International Standard Book Number 0778704424 (reinforced library binding)
020 ## - INTERNATIONAL STANDARD BOOK NUMBER
International Standard Book Number 9780778704508 (pbk.)
020 ## - INTERNATIONAL STANDARD BOOK NUMBER
International Standard Book Number 0778704505 (pbk.)
020 ## - INTERNATIONAL STANDARD BOOK NUMBER
Cancelled/invalid ISBN 9781427175625 (electronic pdf)
020 ## - INTERNATIONAL STANDARD BOOK NUMBER
Cancelled/invalid ISBN 9781427175540 (electronic html)
035 ## - SYSTEM CONTROL NUMBER
System control number (OCoLC)864750443
Canceled/invalid control number (OCoLC)864750429
-- (OCoLC)869365382
037 ## - SOURCE OF ACQUISITION
Stock number 1368668
Source of stock number/acquisition QBI
040 ## - CATALOGING SOURCE
Original cataloging agency DLC
Language of cataloging eng
Description conventions rda
Transcribing agency DLC
Modifying agency YDXCP
-- BTCTA
-- BDX
042 ## - AUTHENTICATION CODE
Authentication code pcc
-- lcac
050 00 - LIBRARY OF CONGRESS CALL NUMBER
Classification number PZ7.J286
Item number Lit 2014
082 00 - DEWEY DECIMAL CLASSIFICATION NUMBER
Classification number [E]
Edition number 23
100 1# - MAIN ENTRY--PERSONAL NAME
Personal name Jarman, Julia.
9 (RLIN) 5887673
245 10 - TITLE STATEMENT
Title Little Bad Riding Hood /
Statement of responsibility, etc written by Julia Jarman ; illustrated by Jane Cope.
263 ## - PROJECTED PUBLICATION DATE
Projected publication date 1402
264 #1 - Production, Publication, Distribution, Manufacture, and Copyright Notice.
Place of production, publication, distribution, manufacture New York, New York :
Name of producer, publisher, distributor, manufacturer Crabtree Publishing Company,
Date of production, publication, distribution, manufacture, or copyr 2014.
300 ## - PHYSICAL DESCRIPTION
Extent pages cm.
336 ## - Content Type
Content type term text
337 ## - Media type
Media type term unmediated
338 ## - Carrier type
Carrier type term volume
490 0# - SERIES STATEMENT
Series statement Tadpoles: fairytale twists
520 ## - SUMMARY, ETC.
Summary, etc After an encounter with a wolf, Little Bad Riding Hood thoughtlessly eats all of the little cakes that she was supposed to bring to her grandmother, then makes a substitution that mught just trick her sick Granny. Includes puzzles and notes for adults.
650 #1 - SUBJECT ADDED ENTRY--TOPICAL TERM
Topical term or geographic name as entry element Behavior
Form subdivision Fiction.
9 (RLIN) 5673643
650 #1 - SUBJECT ADDED ENTRY--TOPICAL TERM
Topical term or geographic name as entry element Wolves
Form subdivision Fiction.
9 (RLIN) 5685977
650 #1 - SUBJECT ADDED ENTRY--TOPICAL TERM
Topical term or geographic name as entry element Grandmothers
Form subdivision Fiction.
9 (RLIN) 5686024
650 #1 - SUBJECT ADDED ENTRY--TOPICAL TERM
Topical term or geographic name as entry element Humorous stories.
9 (RLIN) 5887674
700 1# - ADDED ENTRY--PERSONAL NAME
Personal name Cope, Jane,
Relator term illustrator.
9 (RLIN) 5887675
938 ## -
-- YBP Library Services
-- YANK
-- 11408256
938 ## -
-- Baker and Taylor
-- BTCP
-- BK0014138917
938 ## -
-- Brodart
-- BROD
-- 108388387
942 ## - ADDED ENTRY ELEMENTS (KOHA)
Koha item type BOOK
948 ## - LOCAL PROCESSING INFORMATION (OCLC); SERIES PART DESIGNATOR (RLIN)
Series part designator, SPT (RLIN) 03/26/2014
z (OCLC) Sirsi
994 ## -
-- Z0
-- QBX
948 ## - LOCAL PROCESSING INFORMATION (OCLC); SERIES PART DESIGNATOR (RLIN)
h (OCLC) NO HOLDINGS IN QBX - 5 OTHER HOLDINGS
996 ## -
-- 108365
-- 34301001287145
-- EL
-- bk
-- wcl
-- i
-- 20
-- 17.56
-- quality
-- Jar
-- 04/11/2014
-- 11/20/2019
-- 10/02/2019
Holdings
Withdrawn status Lost status Source of classification or shelving scheme Damaged status Not for loan Collection code Home library Current library Shelving location Date acquired Cost, normal purchase price Total Checkouts Total Renewals Full call number Barcode Date last seen Date checked out Cost, replacement price Price effective from Koha item type
    Dewey Decimal Classification     Children NonFiction Wasatch County Library Wasatch County Library Main Floor Childrens Area 04/11/2014 17.56 33 9 E Tales Fractured Jarman 34301001287145 11/18/2025 08/14/2025 17.56 03/20/2020 BOOK
This project was made possible through a grant from the Institute of Museum and Library Service administered by the Utah State Library Division.

Wasatch County Library

  • 465 East 1200 South, Heber City, Utah 84032
  • Phone 435-654-1511 | Fax 435-654-6456

Hours

  • Monday - Friday 9:30 AM - 8:00 PM
  • Saturday 9:30 AM - 1:30 PM
  • Closed Sundays and Holidays